00900nam a22002297a 4500003000900000008004100009020001800050040007100068082002300139100002700162245021700189260003700406300003800443500003200481650001500513650002500528650002300553650003100576650001300607650002500620650002500645AR-CdUCM190228b ||||| |||| 00| 0 spa d a9786124715426 aMUNICIPALIDAD PROVINCIAL DEL CUSCOcBIBLIOTECA MUNICIPAL DEL CUSCO a303.625/R781bR781 aRojas Zolezzi, Enrique aCuando los guerreros hablan :blos índigenas campa ashaninka y nomatsiguenga y la guerra contra Sendero Luminoso y el Movimiento Revolucionario Túpac Amaru en la selva central peruana /cEnrique Rojas Zolezzi aLima : bEdit. Horizonte,c2016. a329 páginas. :bmapas ;c21 cm. zBibliografía: p. 289-329. aTerrorismo aViolencia política aIndígenas campas aIndígenas machigüengas aHistoria aCondiciones sociales aRegión de la Selva